000 00556nam a2200205Ia 4500
005 20250508165344.0
008 008 250505s9999 xx 000 0 eng d
020 _a978-81-89833-71-8
037 _aTextual
040 _aFEDL
_beng
_cFEDL
041 _aeng
_2eng
084 _a370, PAT
_qFEDL
100 _aPathak Avijit
245 0 _aRecalling the forgotten: Education and moral quest
260 _aDelhi, India
_bAakar Books
_c2009
300 _a204p.
365 _aINR
_b45
942 _cTEXL
_h370, PAT
999 _c1394644
_d1394644